<?xml version="1.0" encoding="UTF-8"?>
<record
    xmlns:xsi="http://www.w3.org/2001/XMLSchema-instance"
    xsi:schemaLocation="http://www.loc.gov/MARC21/slim http://www.loc.gov/standards/marcxml/schema/MARC21slim.xsd"
    xmlns="http://www.loc.gov/MARC21/slim">

  <leader>02333agaaa2200325   4500</leader>
  <controlfield tag="001">1581</controlfield>
  <controlfield tag="003">IT-RoPAU</controlfield>
  <controlfield tag="005">20220918181232.0</controlfield>
  <controlfield tag="007">d cvaizq</controlfield>
  <controlfield tag="008">50131s9999||||xx ||| |     ||   ||und||</controlfield>
  <datafield tag="040" ind1=" " ind2=" ">
    <subfield code="a">IT-RoPAU</subfield>
    <subfield code="c">IT-RoPAU</subfield>
  </datafield>
  <datafield tag="041" ind1=" " ind2=" ">
    <subfield code="a">ITALIANO</subfield>
  </datafield>
  <datafield tag="100" ind1=" " ind2=" ">
    <subfield code="a">Antonioni Michelangelo</subfield>
    <subfield code="g">Codice regista SPICS: 9853</subfield>
    <subfield code="9">41145</subfield>
  </datafield>
  <datafield tag="130" ind1=" " ind2=" ">
    <subfield code="a">NOTTE (LA)</subfield>
    <subfield code="9">41146</subfield>
  </datafield>
  <datafield tag="245" ind1=" " ind2=" ">
    <subfield code="a">NOTTE (LA)</subfield>
    <subfield code="c">Prodotto da: Cassutto Emanuele -- Sceneggiatura: Antonioni Michelangelo Flaiano Ennio Guerra Tonino -- Diretto da: Antonioni Michelangelo</subfield>
    <subfield code="p">NOTTE (LA) (Rif. Codice opera principale : 41581)</subfield>
  </datafield>
  <datafield tag="250" ind1=" " ind2=" ">
    <subfield code="a">Edizione Standard</subfield>
  </datafield>
  <datafield tag="260" ind1=" " ind2=" ">
    <subfield code="a">ROMA - PARIGI (ITALIA - FRANCIA)</subfield>
    <subfield code="b">NEPI - SOFITEDIP - SILVER FILM / Distribuzione: RAI</subfield>
    <subfield code="g">"1961 (1&#xB0; ed.: 1986 ; Ed. Lingua Orig.: 1961)"</subfield>
  </datafield>
  <datafield tag="300" ind1=" " ind2=" ">
    <subfield code="a">VHS</subfield>
    <subfield code="b">sonoro, col.</subfield>
    <subfield code="c">118 minuti</subfield>
  </datafield>
  <datafield tag="508" ind1=" " ind2=" ">
    <subfield code="a">"Fotografia: Di Venanzo Gianni; Montaggio: Da Roma Eraldo; Musica: Gaslini Giorgio; Sceneggiatura: Antonioni Michelangelo Flaiano Ennio Guerra Tonino; Scenografia: Zuffi Piero; Soggetto: Antonioni Michelangelo -- Flajano Ennio"</subfield>
  </datafield>
  <datafield tag="511" ind1=" " ind2=" ">
    <subfield code="a">"Mastroianni Marcello; Moreau Jeanne; Vitti Monica; Wicki Bernhard; Mazzacurati Rosy"</subfield>
  </datafield>
  <datafield tag="520" ind1=" " ind2=" ">
    <subfield code="a">GIOVANNI PONTANO SCRITTORE MILANESE DI SUCCESSO ATTRAVERSA UN PERIODO DI CRISI MATRIMONIALE, OGNI POSSIBILITA' DI DIALOGO CON LA MOGLIE SEMBRA PERDUTA I DUE SCOSSI DALLA VISITA A UN AMICO MORENTE E DOPO UN PARTY LETTERARIO PER LA PRESENTAZIONE DELL'ULTIMO LIBRO DI GIOVANNI VAGANO PER LA CITTA' COMPLETAMENTE SVUOTATI LA SERA SI RITROVANO A UNA FESTA NELLA SONTUOSA VILLA DICAMPAGNA DI UN GRANDE INDUSTRIALE E SI BUTTANO ENTRAMBI IN AVVENTURE SENTIMENTALI DA CUI ESCONO ANCORA PIU' DELUSI DI PRIMA MA ALL'ALBA RIESCONO FINALMENTE A PARLARSI APERTAMENTE E INTRAVEDONO FORSE UNA POSSIBILITA' DI SALVEZZA E DI MATURAZIONE PER IL LORO RAPPORTO FILM DRAMMATICO IN BIANCO E NERO</subfield>
  </datafield>
  <datafield tag="538" ind1=" " ind2=" ">
    <subfield code="a">PAL, STEREO</subfield>
  </datafield>
  <datafield tag="546" ind1=" " ind2=" ">
    <subfield code="a">ITALIANO</subfield>
  </datafield>
  <datafield tag="650" ind1=" " ind2=" ">
    <subfield code="a">DRAMAMTICO</subfield>
    <subfield code="e">FILMS [VHS]</subfield>
    <subfield code="x">Codice MATERIA SPICS: 9960</subfield>
    <subfield code="9">41147</subfield>
  </datafield>
  <datafield tag="700" ind1=" " ind2=" ">
    <subfield code="a">Antonioni Michelangelo </subfield>
    <subfield code="e">(regista)</subfield>
    <subfield code="g">Codice regista SPICS: 9853</subfield>
    <subfield code="9">41148</subfield>
  </datafield>
  <datafield tag="700" ind1=" " ind2=" ">
    <subfield code="a">Antonioni Michelangelo </subfield>
    <subfield code="e">(soggetto)</subfield>
    <subfield code="g">Codice Soggetto SPICS: 9853</subfield>
    <subfield code="9">41149</subfield>
  </datafield>
  <datafield tag="700" ind1=" " ind2=" ">
    <subfield code="a">Flajano Ennio </subfield>
    <subfield code="e">(soggetto)</subfield>
    <subfield code="g">Codice Soggetto 2&#xB0; SPICS: 6603</subfield>
    <subfield code="9">41150</subfield>
  </datafield>
  <datafield tag="700" ind1=" " ind2=" ">
    <subfield code="a">Gaslini Giorgio</subfield>
    <subfield code="e">(musica)</subfield>
    <subfield code="g">Codice Musica SPICS: 6239</subfield>
    <subfield code="9">41151</subfield>
  </datafield>
  <datafield tag="942" ind1=" " ind2=" ">
    <subfield code="c">VH</subfield>
    <subfield code="2">ddc</subfield>
  </datafield>
  <datafield tag="999" ind1=" " ind2=" ">
    <subfield code="c">105393</subfield>
    <subfield code="d">105393</subfield>
  </datafield>
  <datafield tag="952" ind1=" " ind2=" ">
    <subfield code="0">0</subfield>
    <subfield code="1">0</subfield>
    <subfield code="4">0</subfield>
    <subfield code="6">41581_000000000000000</subfield>
    <subfield code="7">1</subfield>
    <subfield code="a">SPICS</subfield>
    <subfield code="b">SPICS</subfield>
    <subfield code="d">2015-01-31</subfield>
    <subfield code="l">0</subfield>
    <subfield code="o">41581</subfield>
    <subfield code="r">2015-01-31 00:00:00</subfield>
    <subfield code="w">2015-01-31</subfield>
    <subfield code="y">VH</subfield>
    <subfield code="z">Progr. Ins.: 2028 / N.Vol.:1 / Copie: 1 / Pag.: / Copia rara: n.d. / date import: 1.2.2015 / By Epidotti, Trombetti, Vaglietti</subfield>
  </datafield>
</record>
